书目信息 |
| 题名: |
中国迁地栽培植物志名录
|
|
| 作者: | 黄宏文 主编 | |
| 分册: | ||
| 出版信息: | 北京 科学出版社 2014.01 |
|
| 页数: | 10,663页 | |
| 开本: | 30cm | |
| 丛书名: | ||
| 单 册: | ||
| 中图分类: | Q948.52-62 | |
| 科图分类: | ||
| 主题词: | 引种栽培--植物志--中国--名录 , 引种栽培 , 植物志 | |
| 电子资源: | ||
| ISBN: | 978-7-03-037342-7 | |
| 000 | 01248nam0 2200289 450 | |
| 001 | 0120141235595 | |
| 005 | 20140707105308.76 | |
| 010 | @a978-7-03-037342-7@dCNY198.00 | |
| 100 | @a20140219d2014 em y0chiy50 ea | |
| 101 | 0 | @achi@aeng |
| 102 | @aCN@b110000 | |
| 105 | @ay z 001yy | |
| 106 | @ar | |
| 200 | 1 | @a中国迁地栽培植物志名录@9zhong guo qian di zai pei zhi wu zhi ming lu@f黄宏文主编 |
| 210 | @a北京@c科学出版社@d2014.01 | |
| 215 | @a10,663页@d30cm | |
| 312 | @a封面英文题名:A checklist of ex situ cultivated flora of China | |
| 330 | @a本名录为中国迁地栽培植物志名录,收集了我国十个主要植物园近几十年来从国内外引种栽培的各类植物的完整名单,内容包括每一种植物的中文名、拉丁名及对其进行迁地保存的植物园的信息,全书共收载中国迁地栽培植物15812种(包括亚种、变种、变型以及部分品种和杂交种),隶属于3181属、312科。 | |
| 333 | @a农林业、园林园艺、环境保护、医药卫生等相关学科的科研和教学人员以及政府决策与管理部门的相关人员 | |
| 510 | 1 | @aChecklist of ex situ cultivated flora of China@zeng |
| 606 | 0 | @a引种栽培@x植物志@y中国@j名录 |
| 606 | 0 | @a引种栽培 |
| 606 | 0 | @a植物志 |
| 690 | @aQ948.52-62@v5 | |
| 701 | 0 | @a黄宏文@9huang hong wen@4主编 |
| 801 | 0 | @aCN@b人天书店@c20140219 |
| 905 | @b847435-37@dQ948.52-62@e258@f3 | |
| 中国迁地栽培植物志名录/黄宏文主编.-北京:科学出版社,2014.01 |
| 10,663页;30cm |
| 使用对象:农林业、园林园艺、环境保护、医药卫生等相关学科的科研和教学人员以及政府决策与管理部门的相关人员 |
| ISBN 978-7-03-037342-7:CNY198.00 |
| 本名录为中国迁地栽培植物志名录,收集了我国十个主要植物园近几十年来从国内外引种栽培的各类植物的完整名单,内容包括每一种植物的中文名、拉丁名及对其进行迁地保存的植物园的信息,全书共收载中国迁地栽培植物15812种(包括亚种、变种、变型以及部分品种和杂交种),隶属于3181属、312科。 |
| ● |
| 相关链接 |
|
|
|
|
正题名:中国迁地栽培植物志名录
索取号:Q948.52-62/258
 
预约/预借
| 序号 | 登录号 | 条形码 | 馆藏地/架位号 | 状态 | 备注 |
| 1 | 847435 | 208474355 | 第二样本阅览室/ [索取号:Q948.52-62/258] | 在馆 | |
| 2 | 847436 | 208474364 | 密集书库-生命科学系/ [索取号:Q948.52-62/258] | 在馆 | |
| 3 | 847437 | 208474373 | 第三借阅区/ [索取号:Q948.52-62/258] | 在馆 |